[Event "Gibraltar Masters"]
[Site "Caleta ENG"]
[Date "2011.01.25"]
[Round "1.27"]
[White "Dittmar, Peter"]
[Black "Buhmann, Rainer"]
[Result "0-1"]
[WhiteTitle "FM"]
[BlackTitle "GM"]
[WhiteElo "2328"]
[BlackElo "2572"]
[WhiteFideId "4602064"]
[BlackFideId "4651340"]
[EventDate "2011.01.25"]

1. c4 c6 2. e4 d5 3. exd5 cxd5 4. cxd5 Nf6 5. Nc3 Nxd5 6. Nf3 Nc6 7. Bc4 Nb6 8.
Bb3 Bf5 9. d4 e6 10. O-O Be7 11. d5 exd5 12. Nxd5 Nxd5 13. Qxd5 Bg6 14. Bf4 O-O
15. Ne5 Nd4 16. Nxg6 hxg6 17. Be3 Qxd5 18. Bxd5 Rfd8 19. Rad1 Rxd5 20. Rxd4 Rxd4
21. Bxd4 Rc8 22. f3 a6 23. Re1 Bd6 24. Bc3 f6 25. Rd1 Rc6 26. g3 b5 27. Kg2 g5
28. Rd2 Kf7 29. Bd4 Bb4 30. Re2 a5 31. b3 Rc1 32. Be3 Rc8 33. Bf2 Bd6 34. Rd2
Be5 35. Be3 Ke6 36. Bb6 a4 37. bxa4 bxa4 38. Be3 Rc4 39. Kf2 Bc3 40. Rd3 Ba5 41.
Bd2 Rc2 42. Ke1 Rxd2 43. Rxd2 Ke5 44. Ke2 Bxd2 45. Kxd2 Kd4 46. g4 g6 47. f4
gxf4 48. h4 Ke5 49. Ke2 Ke6 50. Kf3 g5 51. h5 f5 52. h6 fxg4+ 0-1

[Event "Gibraltar Masters"]
[Site "Caleta ENG"]
[Date "2011.01.25"]
[Round "1.28"]
[White "Fier, Alexandr"]
[Black "Weber, Tom"]
[Result "0-1"]
[WhiteTitle "GM"]
[BlackTitle "FM"]
[WhiteElo "2571"]
[BlackElo "2310"]
[WhiteFideId "2107139"]
[BlackFideId "4000609"]
[EventDate "2011.01.25"]

1. e4 e5 2. Nf3 Nc6 3. Bb5 a6 4. Ba4 d6 5. O-O Ne7 6. d4 Bd7 7. dxe5 dxe5 8. Bb3
h6 9. Qe2 Ng6 10. Rd1 Bd6 11. Na3 b5 12. c4 Na5 13. Be3 Rb8 14. c5 Be7 15. Bc2
Qc8 16. b4 Nc6 17. Bb3 Nxb4 18. Qd2 a5 19. Qxd7+ Qxd7 20. Rxd7 Kxd7 21. Bxf7 Nf8
22. Nxe5+ Kc8 23. Rb1 Bf6 24. Ng4 c6 25. e5 Be7 26. f4 Nd7 27. Be6 Kc7 28. Bxd7
Kxd7 29. f5 Rhf8 30. e6+ Ke8 31. Rf1 Rd8 32. Ne5 Rd5 33. Nf7 Rd3 34. Nd6+ Bxd6
35. cxd6 Rxe3 36. Nxb5 cxb5 37. Rc1 Kd8 38. g4 Rf6 39. Rc5 Rexe6 40. fxe6 Rxe6
41. Rxb5 Nc6 0-1

[Event "Gibraltar Masters"]
[Site "Caleta ENG"]
[Date "2011.01.25"]
[Round "1.30"]
[White "Lafuente, Pablo"]
[Black "Bergstrom, Rolf"]
[Result "1-0"]
[WhiteTitle "GM"]
[BlackTitle "FM"]
[WhiteElo "2561"]
[BlackElo "2307"]
[WhiteFideId "108820"]
[BlackFideId "1702386"]
[EventDate "2011.01.25"]

1. d4 b6 2. c4 Bb7 3. Nc3 e6 4. a3 f5 5. Nf3 Nf6 6. g3 Be7 7. Bg2 Ne4 8. Bd2 Bf6
9. Rc1 Nc6 10. d5 Ne7 11. dxe6 dxe6 12. O-O Nxd2 13. Nxd2 Bxg2 14. Kxg2 O-O 15.
Qc2 c5 16. Nf3 Qc7 17. Nb5 Qb7 18. b4 a6 19. Nc3 g5 20. Kg1 g4 21. Nd2 Rad8 22.
bxc5 bxc5 23. Na4 Nc6 24. Nxc5 Qe7 25. Ndb3 a5 26. a4 Ne5 27. Qa2 Rc8 28. Nd3
Nxc4 29. Nbc5 Nb6 30. Nxe6 Qf7 31. Ndf4 Be5 32. Qa3 Rfe8 33. Ng5 Qf6 34. Qb3+
Kh8 35. Nf7+ 1-0

[Event "Gibraltar Masters"]
[Site "Caleta ENG"]
[Date "2011.01.25"]
[Round "1.31"]
[White "Forsaa, Espen"]
[Black "Lemos, Damian"]
[Result "1-0"]
[WhiteTitle "FM"]
[BlackTitle "GM"]
[WhiteElo "2306"]
[BlackElo "2553"]
[WhiteFideId "1504436"]
[BlackFideId "113581"]
[EventDate "2011.01.25"]

1. e4 c6 2. d4 d5 3. e5 Bf5 4. Be3 e6 5. Nd2 Nd7 6. Ngf3 Ne7 7. Be2 Bg6 8. h4 h5
9. c4 dxc4 10. Nxc4 Nd5 11. Bg5 Qc7 12. a3 N7b6 13. Na5 Be7 14. Rc1 Bxg5 15.
Nxg5 Nf4 16. O-O Rd8 17. Re1 O-O 18. Bf1 f6 19. Nf3 Bf5 20. Qd2 Ng6 21. exf6
Rxf6 22. Nc4 Bg4 23. Nce5 Bxf3 24. Nxf3 Rxf3 25. gxf3 Nxh4 26. Qe3 Qf7 27. Bh3
Nd5 28. Bxe6 Nxe3 29. Bxf7+ Kxf7 30. Rxe3 Rxd4 31. Rce1 Nf5 32. Re4 Rd3 33. f4
h4 34. Kf1 Kg6 35. Ke2 Rd8 36. Rg1+ Kf6 37. Kf3 Rd2 38. Rb4 b6 39. Rb1 c5 40.
Re4 Nd4+ 41. Kg4 Rxf2 42. b4 Nf5 43. bxc5 bxc5 44. Rb3 Nd6 45. Re5 c4 46. Rc3 g6
47. Ra5 Rg2+ 48. Kxh4 Rd2 49. Kg4 Rg2+ 50. Kf3 Rh2 51. Kg4 Rg2+ 52. Rg3 Rd2 53.
Rxa7 Ne4 54. Ra6+ Kg7 55. Re3 Nf2+ 56. Kf3 Nd3 57. Re7+ Kh6 58. Ke3 Rd1 59. Rc7
Re1+ 60. Kd2 Rf1 61. Rxc4 Nxf4 62. a4 Kh5 63. Rc1 Rf3 64. Rc3 Rf1 65. Ra3 g5 66.
a5 Rf2+ 67. Ke3 Rf1 68. Rd6 g4 69. Ra4 g3 70. Rxf4 g2 71. Rd5+ 1-0

[Event "Gibraltar Masters"]
[Site "Caleta ENG"]
[Date "2011.01.25"]
[Round "1.32"]
[White "Kosintseva, Nadezhda"]
[Black "Wahlbom, Magnus"]
[Result "1-0"]
[WhiteTitle "IM"]
[WhiteElo "2552"]
[BlackElo "2305"]
[WhiteFideId "4134974"]
[BlackFideId "1700685"]
[EventDate "2011.01.25"]

1. e4 e6 2. d4 d5 3. Nc3 Bb4 4. e5 c5 5. a3 Bxc3+ 6. bxc3 Ne7 7. Qg4 O-O 8. Bd3
f5 9. exf6 Rxf6 10. Bg5 Rf7 11. Qh5 g6 12. Qd1 Nbc6 13. Nf3 Qf8 14. O-O Nf5 15.
Bb5 Nd6 16. Bxc6 bxc6 17. Ne5 Ba6 18. Nxf7 Nxf7 19. Be3 Bxf1 20. Qxf1 c4 21. Bf4
Nd6 22. Be5 Rb8 23. f3 Rb6 24. a4 Nf7 25. Bg3 Qe7 26. Qe2 Rb2 27. h4 Qf6 28. a5
Qf5 29. Rc1 a6 30. Kh2 Rb5 31. Ra1 Kg7 32. Bc7 Rb2 33. Rc1 Rb7 34. g4 Qf6 35.
Bg3 Rb5 36. Ra1 Rb2 37. Kh3 Rb5 38. Bc7 Rb2 39. Kg3 Qe7 40. Bf4 Rb5 41. Re1 c5
42. dxc5 Rxc5 43. Qxe6 Qxe6 44. Rxe6 Rxa5 45. Be3 Ra1 46. Bd4+ Kf8 47. Bc5+ Kg7
48. Re8 1-0

[Event "Gibraltar Masters"]
[Site "Caleta ENG"]
[Date "2011.01.25"]
[Round "1.33"]
[White "Piasetski, Leon"]
[Black "Le Roux, Jean-Pierre"]
[Result "1-0"]
[WhiteTitle "IM"]
[BlackTitle "GM"]
[WhiteElo "2303"]
[BlackElo "2551"]
[WhiteFideId "2600072"]
[BlackFideId "609404"]
[EventDate "2011.01.25"]

1. c4 e5 2. Nc3 Nf6 3. Nf3 Nc6 4. g3 g6 5. d4 exd4 6. Nxd4 Bg7 7. Nxc6 dxc6 8.
Qxd8+ Kxd8 9. Bg5 h6 10. Rd1+ Ke7 11. Bf4 Be6 12. e4 Ne8 13. f3 Nd6 14. c5 Ne8
15. h4 a5 16. Rh2 a4 17. Be3 Be5 18. f4 Bxc3+ 19. bxc3 Nf6 20. Bd4 Rhe8 21. f5
gxf5 22. exf5 Bd5 23. Re2+ Be4 24. Rd3 1-0

[Event "Gibraltar Masters"]
[Site "Caleta ENG"]
[Date "2011.01.25"]
[Round "1.34"]
[White "Dzagnidze, Nana"]
[Black "Nuri, Kambez"]
[Result "1-0"]
[WhiteTitle "GM"]
[WhiteElo "2550"]
[BlackElo "2300"]
[WhiteFideId "13601903"]
[BlackFideId "1311433"]
[EventDate "2011.01.25"]

1. d4 Nf6 2. c4 g6 3. Nc3 Bg7 4. Nf3 d6 5. g3 O-O 6. Bg2 Nbd7 7. O-O e5 8. b3
Re8 9. e3 h5 10. Ba3 Nh7 11. Qc2 Ng5 12. Nxg5 Qxg5 13. dxe5 dxe5 14. Nb5 Qd8 15.
Rad1 a6 16. Nc3 c6 17. Bh3 Qc7 18. Bd6 Qb6 19. Na4 Qd8 20. c5 Qf6 21. Nc3 g5 22.
Rd2 Qh6 23. Rfd1 Nf6 24. Bxc8 Raxc8 25. Qf5 Qg6 26. Qxg6 fxg6 27. h3 g4 28. h4
Rcd8 29. b4 Bf8 30. Bc7 Rxd2 31. Rxd2 Kf7 32. Kf1 Re7 33. Bd8 Rd7 34. Rxd7+ Nxd7
35. Ne4 Be7 36. Bc7 Ke6 37. Ke2 Nf6 38. Ng5+ Kd5 39. Nf7 e4 40. Ne5 Ne8 41. Nxg6
Nxc7 42. Nxe7+ Kc4 43. Nf5 Kxb4 44. Nd6 Kxc5 45. Nxe4+ Kb4 46. Nf6 Ka3 47. Nxh5
c5 48. Nf4 c4 49. h5 c3 50. h6 1-0

[Event "Gibraltar Masters"]
[Site "Caleta ENG"]
[Date "2011.01.25"]
[Round "1.36"]
[White "Korchnoi, Viktor"]
[Black "Stebbings, Anthony J"]
[Result "1-0"]
[WhiteTitle "GM"]
[WhiteElo "2544"]
[BlackElo "2285"]
[WhiteFideId "1300016"]
[BlackFideId "402427"]
[EventDate "2011.01.25"]

1. Nf3 c5 2. c4 Nf6 3. d4 cxd4 4. Nxd4 b6 5. f3 a6 6. e4 Qc7 7. Nc3 e6 8. Be3
Bb7 9. Qd2 Be7 10. g4 h6 11. h4 Nc6 12. Rg1 Ne5 13. Rc1 Rc8 14. g5 hxg5 15. hxg5
Nh5 16. b3 Bb4 17. Kd1 Qb8 18. f4 Nc6 19. Nde2 Ne7 20. Bg2 b5 21. Rh1 bxc4 22.
Bf3 g6 23. Ng3 d5 24. Bxh5 gxh5 25. Nxh5 Ng6 26. exd5 cxb3 27. axb3 Ke7 28. f5
exf5 29. Qd4 Bxc3 30. Rxc3 Qe5 31. Re1 Rxc3 32. Bf4 Qxe1+ 33. Kxe1 Rxh5 34. Qxc3
Bxd5 35. Qc5+ Ke8 36. Qxd5 Nxf4 37. Qc6+ Kf8 38. Qd6+ 1-0

[Event "Gibraltar Masters"]
[Site "Caleta ENG"]
[Date "2011.01.25"]
[Round "1.38"]
[White "Kanep, Meelis"]
[Black "Nikolaidis, Konstantinos"]
[Result "1/2-1/2"]
[WhiteTitle "GM"]
[BlackTitle "FM"]
[WhiteElo "2531"]
[BlackElo "2284"]
[WhiteFideId "4501047"]
[BlackFideId "4200578"]
[EventDate "2011.01.25"]

1. Nf3 Nf6 2. c4 g6 3. Nc3 Bg7 4. g3 d6 5. d4 O-O 6. Bg2 Nc6 7. O-O a6 8. b3 Rb8
9. Nd5 Nh5 10. Bb2 e6 11. Nf4 Nxf4 12. gxf4 b5 13. Rc1 Bd7 14. Qd2 b4 15. d5
Bxb2 16. Qxb2 Ne7 17. Nd4 Nf5 18. Nxf5 exf5 19. c5 Bb5 20. Rfd1 Re8 21. e3 a5
22. Rd2 Rb7 23. Qd4 h6 24. a3 Ba6 25. Ra2 Qb8 26. Qd2 bxa3 27. Qxa5 Bd3 28. Rxa3
Rb5 29. Qa7 Rxb3 30. Qxb8 Rexb8 31. Rxb3 Rxb3 32. cxd6 cxd6 33. Rc8+ Kg7 34. h4
Rb6 35. Rc3 Be2 36. Rc6 Ra6 37. Kh2 h5 38. Kg3 Kf6 39. Rc7 Bd3 40. Bf3 Be4 41.
Bxe4 fxe4 42. Rc6 Ra5 43. Rxd6+ Ke7 44. Rb6 Rxd5 45. Rb7+ Ke6 46. Rb4 f5 47. Kg2 1/2-1/2

[Event "Gibraltar Masters"]
[Site "Caleta ENG"]
[Date "2011.01.25"]
[Round "1.39"]
[White "Garcia Jimenez, Francisco Javier"]
[Black "Rapport, Richard"]
[Result "0-1"]
[WhiteTitle "FM"]
[BlackTitle "GM"]
[WhiteElo "2274"]
[BlackElo "2531"]
[WhiteFideId "2231590"]
[BlackFideId "738590"]
[EventDate "2011.01.25"]

1. e4 c5 2. Nc3 d6 3. g3 g6 4. Bg2 Bg7 5. Nge2 Nc6 6. O-O e6 7. d3 Nge7 8. Be3
Nd4 9. Qd2 O-O 10. Rae1 Rb8 11. Nc1 b5 12. Nd1 b4 13. c3 bxc3 14. bxc3 Ndc6 15.
Bh6 Ba6 16. Bxg7 Kxg7 17. f4 f6 18. Ne3 Rb1 19. Rf2 Qa5 20. Nb3 Rxe1+ 21. Qxe1
Qb6 22. Qd2 Rb8 23. f5 exf5 24. exf5 Ne5 25. d4 cxd4 26. cxd4 Nc4 27. Qe1 Qb4
28. Qc1 Nxe3 29. Qxe3 Nxf5 30. Rxf5 gxf5 31. Qe7+ Kg6 32. Bd5 Rf8 33. h4 Qb8 34.
h5+ Kh6 35. Bf7 Qd8 36. Qxa7 Bb5 37. d5 f4 38. Nd4 Qd7 39. Qxd7 Bxd7 40. Be6
Bxe6 41. dxe6 Kg5 42. Nb5 f5 0-1

[Event "Gibraltar Masters"]
[Site "Caleta ENG"]
[Date "2011.01.25"]
[Round "1.40"]
[White "Sengupta, Deep"]
[Black "Malmdin, Nils-Ake"]
[Result "1-0"]
[WhiteTitle "GM"]
[WhiteElo "2530"]
[BlackElo "2272"]
[WhiteFideId "5008352"]
[BlackFideId "1701584"]
[EventDate "2011.01.25"]

1. e4 c5 2. Nf3 Nc6 3. d4 cxd4 4. Nxd4 g6 5. Nc3 Bg7 6. Be3 Nf6 7. Bc4 Qa5 8.
O-O O-O 9. Bb3 d6 10. h3 Bd7 11. Re1 Rfe8 12. Qe2 Qh5 13. Qd2 Qa5 14. Rad1 Rad8
15. Nde2 b5 16. Ng3 Ne5 17. Bh6 Nc4 18. Bxc4 bxc4 19. Bxg7 Kxg7 20. f4 Bc6 21.
Kh2 e5 22. f5 h6 23. Rf1 g5 24. Qe2 Qc5 25. Nh5+ Nxh5 26. Qxh5 Rd7 27. h4 Rh8
28. f6+ Kf8 29. Rf3 gxh4 30. Qxh4 Ke8 31. Nd5 Bxd5 32. Rxd5 Qb6 33. b3 Rc7 34.
Qg3 h5 35. a4 a6 36. a5 Qb4 37. bxc4 Qxc4 38. Rxd6 Qxe4 39. Re3 h4 40. Qxe5+
Qxe5+ 41. Rxe5+ Kf8 42. Rd8# 1-0

[Event "Gibraltar Masters"]
[Site "Caleta ENG"]
[Date "2011.01.25"]
[Round "1.41"]
[White "Sipila, Vilka"]
[Black "Cmilyte, Viktorija"]
[Result "0-1"]
[BlackTitle "GM"]
[WhiteElo "2269"]
[BlackElo "2526"]
[WhiteFideId "505455"]
[BlackFideId "12801259"]
[EventDate "2011.01.25"]

1. b3 e5 2. Bb2 Nc6 3. e3 Nf6 4. Bb5 Bd6 5. Na3 a6 6. Bxc6 dxc6 7. Nc4 Qe7 8.
Ne2 Bd7 9. O-O e4 10. Ng3 O-O-O 11. Nxd6+ Qxd6 12. Bxf6 Qxf6 13. Nxe4 Qg6 14. d3
h5 15. Qd2 h4 16. f4 Bf5 17. Nc3 h3 18. g3 Rhe8 19. Rae1 Qf6 20. Nd1 c5 21. Qc3
Qc6 22. e4 Rd4 23. Rf2 Bd7 24. f5 Qd6 25. Ne3 b5 26. Nd5 Qe5 27. Nf4 Rxe4 28.
Qxe5 Rxe1+ 29. Qxe1 Rxe1+ 30. Rf1 Rxf1+ 31. Kxf1 Bxf5 32. Kf2 Bg4 33. Nd5 Kd7
34. Ne3 Be6 35. g4 Kd6 36. Kg3 Ke5 37. a3 c6 38. Nd1 f5 39. Kxh3 fxg4+ 40. Kg3
a5 41. Kf2 Kd4 42. Ke2 b4 43. axb4 cxb4 44. Kd2 Bd5 45. Ne3 Be6 46. Ng2 Ke5 47.
Ke2 Bd5 48. Ne3 Bf3+ 49. Ke1 Kf4 50. Kf2 Bd5 51. Nf1 c5 52. Ng3 Kg5 53. Ke3 Kh4
54. Kf4 Kh3 55. Ne4 Bb7 56. Nxc5 Bf3 57. Ne6 Kxh2 58. d4 Bd5 59. Ng5 g3 60. Ke5
g2 61. Kxd5 Kg3 62. Ne4+ Kh4 63. Nd2 Kg4 64. Ke4 g1=Q 65. Nc4 Qh1+ 66. Ke5 Qe1+
67. Kd6 Kf5 68. d5 Kf6 69. Kc6 Qe4 70. Kc5 Ke7 71. Nxa5 Qxc2+ 72. Kxb4 Qd2+ 73.
Kb5 Qxd5+ 74. Kb6 g5 75. Kc7 Qxa5+ 76. Kb7 Qb5+ 77. Kc8 Qd7+ 78. Kb8 Kd6 79. Ka8
Kc6 80. Kb8 Qb7# 0-1

[Event "Gibraltar Masters"]
[Site "Caleta ENG"]
[Date "2011.01.25"]
[Round "1.43"]
[White "Sanchez, Louis"]
[Black "Harika, Dronavalli"]
[Result "1/2-1/2"]
[WhiteTitle "FM"]
[BlackTitle "IM"]
[WhiteElo "2262"]
[BlackElo "2520"]
[WhiteFideId "624225"]
[BlackFideId "5015197"]
[EventDate "2011.01.25"]

1. b3 d5 2. Bb2 c5 3. e3 Nc6 4. Nf3 f6 5. d4 cxd4 6. exd4 e6 7. Bd3 Nge7 8. O-O
g6 9. Re1 Bg7 10. c4 O-O 11. Nc3 Nb4 12. Bf1 Bd7 13. a3 Nbc6 14. b4 Kh8 15. Qb3
a5 16. b5 a4 17. Qa2 Na5 18. cxd5 Nxd5 19. Nxd5 exd5 20. Qxd5 Bg4 21. Qxd8 Rfxd8
22. Rac1 Rd7 23. b6 Rd6 24. Rc5 Bxf3 25. gxf3 Rxb6 26. Bc3 Nb3 27. Rc7 Rc6 28.
Ree7 Rxc7 29. Rxc7 f5 30. Rxb7 Rd8 31. Bb5 Nxd4 32. Kg2 Ne6 33. Bxg7+ Nxg7 34.
Bxa4 Ne6 35. Bb3 Nf4+ 36. Kg3 Ne2+ 37. Kg2 Nf4+ 38. Kg3 Ne2+ 39. Kh4 h6 40. Rb4
g5+ 41. Kh3 Re8 42. Bc4 Nf4+ 43. Kg3 Re1 44. h4 Rg1+ 45. Kh2 Rg2+ 46. Kh1 Rxf2
47. hxg5 hxg5 48. Rb5 Rxf3 49. Rxf5 Rh3+ 50. Kg1 Rxa3 51. Bf1 Ne6 52. Re5 Nd4
53. Kf2 Rf3+ 54. Kg2 Rf5 55. Rxf5 Nxf5 56. Bd3 1/2-1/2

[Event "Gibraltar Masters"]
[Site "Caleta ENG"]
[Date "2011.01.25"]
[Round "1.44"]
[White "Cabrera, Alexis"]
[Black "Avalos Parra, Joao"]
[Result "0-1"]
[WhiteTitle "GM"]
[BlackTitle "FM"]
[WhiteElo "2518"]
[BlackElo "2252"]
[WhiteFideId "3502783"]
[BlackFideId "3402541"]
[EventDate "2011.01.25"]

1. e4 e6 2. d4 d5 3. Nc3 Bb4 4. e5 c5 5. a3 Bxc3+ 6. bxc3 Qa5 7. Bd2 Qa4 8. Qg4
g6 9. Nf3 c4 10. Be2 Nc6 11. O-O h6 12. h4 Bd7 13. h5 Qxc2 14. Bd1 Qf5 15. Qg3
Nge7 16. Ne1 gxh5 17. Bc2 Qg4 18. Qh2 O-O-O 19. f3 Qg7 20. Qxh5 f6 21. f4 Rdg8
22. exf6 Qxf6 23. Nf3 Be8 24. Qh4 Qg7 25. Qh3 Qg4 26. Qxg4 Rxg4 27. Ne5 Nxe5 28.
fxe5 Rhg8 29. Rf2 Bg6 30. Bd1 Rg3 31. Bf3 Be4 32. Bxe4 dxe4 33. Re1 R8g4 34.
Bxh6 Nf5 35. Bf8 Kd7 36. d5 e3 37. Rb2 exd5 38. Rxb7+ Ke6 39. Rb2 Kxe5 40. Bc5
Ke4 41. Rd1 Rg7 42. a4 R3g6 43. Re2 Rh7 44. Bxe3 Rh1+ 45. Kxh1 Ng3+ 46. Kg1
Nxe2+ 47. Kf2 Nxc3 48. Rd4+ Ke5 49. Kf3 Ne4 50. g4 Ng5+ 51. Kg3 Ne6 52. Rd1 d4
53. Bc1 Nc5 54. g5 c3 55. Kg4 c2 56. Re1+ Kd5 57. Kf5 Rg8 58. Re5+ Kc4 59. Ba3
Nxa4 60. Re7 d3 61. Rd7 Nc3 62. Bc1 Ne2 63. Bd2 c1=Q 64. Bxc1 Nxc1 65. Rc7+ Kb3
66. Rxa7 Rd8 67. Rh7 Ne2 68. Rh3 Kc2 69. Rh2 Kc3 70. Rh3 Kc4 71. Rh4+ Kc5 72.
Kf6 d2 73. Rh1 Ng3 74. Rd1 Ne4+ 75. Ke5 Nxg5 76. Kf4 Kc4 77. Ke3 Kc3 78. Ke2
Re8+ 79. Kf2 Kc2 0-1

[Event "Gibraltar Masters"]
[Site "Caleta ENG"]
[Date "2011.01.25"]
[Round "1.45"]
[White "Chapman, Terry P D"]
[Black "Cramling, Pia"]
[Result "0-1"]
[BlackTitle "GM"]
[WhiteElo "2250"]
[BlackElo "2516"]
[WhiteFideId "413399"]
[BlackFideId "1700030"]
[EventDate "2011.01.25"]

1. Nf3 d5 2. d4 Nf6 3. c4 e6 4. g3 Bb4+ 5. Bd2 Be7 6. Bg2 O-O 7. O-O c6 8. Bf4
b6 9. Qc2 Bb7 10. Rd1 Nbd7 11. Nc3 dxc4 12. Nd2 Nd5 13. Nxc4 Nxf4 14. gxf4 Nf6
15. Ne5 Nd5 16. e3 Rc8 17. Rac1 Bd6 18. Ne4 Bb8 19. a3 f6 20. Nd3 Qe8 21. Nc3
Kh8 22. Qe2 Qg6 23. Kh1 Ba6 24. Qd2 Qh6 25. h3 g5 26. Nxd5 cxd5 27. f5 exf5 28.
Nb4 Bb7 29. Rxc8 Rxc8 30. Rc1 f4 31. Rxc8+ Bxc8 32. exf4 Bxh3 33. fxg5 fxg5 34.
Qe3 Bd7+ 0-1

[Event "Gibraltar Masters"]
[Site "Caleta ENG"]
[Date "2011.01.25"]
[Round "1.46"]
[White "Hoffmann, Michael1"]
[Black "Daurelle, Herve"]
[Result "1-0"]
[WhiteTitle "GM"]
[WhiteElo "2506"]
[BlackElo "2243"]
[WhiteFideId "4601297"]
[BlackFideId "602655"]
[EventDate "2011.01.25"]

1. d4 Nf6 2. c4 e6 3. Nc3 c5 4. d5 exd5 5. cxd5 d6 6. Nf3 g6 7. Bf4 a6 8. a4 Bg7
9. h3 O-O 10. e3 Ne8 11. Be2 Nd7 12. O-O b6 13. Qd2 Bb7 14. e4 Rc8 15. Rfe1 Kh8
16. Bf1 Ne5 17. Nxe5 dxe5 18. Be3 Nd6 19. Rab1 f5 20. f3 fxe4 21. fxe4 a5 22.
Bd3 Rc7 23. Nb5 Rcf7 24. Nxd6 Qxd6 25. Rf1 Bc8 26. Bb5 Rf4 27. Bxf4 exf4 28. e5
Bxe5 29. Rbe1 Bd4+ 30. Kh1 f3 31. Rxf3 Rxf3 32. gxf3 Bd7 33. Bxd7 Qxd7 34. Qh6
Bg7 35. Qh4 h5 36. Qg3 Qxd5 37. Qxg6 Qxf3+ 38. Qg2 Qxg2+ 39. Kxg2 Bxb2 40. Rb1
Bc3 41. Rxb6 Kg7 42. Kf3 Bd2 43. Ke4 c4 44. Kd4 c3 45. Kd3 Be1 46. Rb5 c2 47.
Kxc2 Kg6 48. Kd3 h4 49. Re5 Bb4 50. Kc4 Bd2 51. Kb5 Kf6 52. Re2 Bc3 53. Re4 Kg5
54. Rg4+ Kh5 55. Rg8 Bb4 56. Ra8 Kg5 57. Rxa5 Bxa5 58. Kxa5 Kf4 59. Kb5 Kg3 60.
a5 Kxh3 61. a6 Kh2 62. a7 h3 63. a8=Q Kg1 64. Qg8+ Kf2 65. Qd5 Kg1 66. Qg5+ 1-0

[Event "Gibraltar Masters"]
[Site "Caleta ENG"]
[Date "2011.01.25"]
[Round "1.47"]
[White "Henriksson, Johan"]
[Black "Gallagher, Joseph G."]
[Result "0-1"]
[BlackTitle "GM"]
[WhiteElo "2243"]
[BlackElo "2501"]
[WhiteFideId "1703560"]
[BlackFideId "1303422"]
[EventDate "2011.01.25"]

1. d4 Nf6 2. Nf3 g6 3. g3 Bg7 4. Bg2 O-O 5. O-O d6 6. c4 Nbd7 7. Nc3 e5 8. dxe5
dxe5 9. Qc2 Re8 10. Rd1 Qe7 11. b3 c6 12. a4 a5 13. Ba3 Nc5 14. b4 axb4 15. Bxb4
Bf8 16. a5 Qc7 17. Na4 Bf5 18. Qb2 Nxa4 19. Rxa4 Bxb4 20. Rxb4 Bc8 21. Ng5 Rxa5
22. Bh3 Re7 23. Bxc8 Qxc8 24. Rb1 Ra7 25. Qd2 Qd7 26. Qe3 Qd4 27. Qf3 Kg7 28. c5
Qd5 29. Qc3 h6 30. e4 Qa2 31. Nh3 Nxe4 32. Qd3 Nf6 33. Qd6 Qe6 34. Qxe6 Rxe6 35.
f3 Re7 36. Nf2 Nd5 37. R4b3 f5 38. Nd3 Kf6 39. Nb4 Nc7 40. Rd3 Ra5 41. Rd6+ Kf7
42. Nd3 Ne8 43. Rd8 e4 44. fxe4 fxe4 0-1

[Event "Gibraltar Masters"]
[Site "Caleta ENG"]
[Date "2011.01.25"]
[Round "1.48"]
[White "El Debs, Felipe de Cresce"]
[Black "Meskovs, Nikita"]
[Result "1-0"]
[WhiteTitle "GM"]
[WhiteElo "2499"]
[BlackElo "2243"]
[WhiteFideId "2106981"]
[BlackFideId "11602740"]
[EventDate "2011.01.25"]

1. Nf3 Nf6 2. c4 g6 3. Nc3 Bg7 4. e4 d6 5. d4 O-O 6. Be2 Nbd7 7. O-O c5 8. d5 a6
9. a4 b6 10. h3 Bb7 11. Bf4 Ne8 12. Qd2 Nc7 13. Rfe1 Re8 14. Rad1 b5 15. cxb5
axb5 16. axb5 Nb6 17. Bf1 Qd7 18. Rb1 Rec8 19. Bh6 Bh8 20. Red1 Na4 21. Qc2 Nb6
22. Nd2 e5 23. dxe6 Nxe6 24. Nc4 Nxc4 25. Bxc4 Nd4 26. Qd3 Re8 27. Ra1 Qd8 28.
Rxa8 Qxa8 29. Nd5 Bxd5 30. Bxd5 Qb8 31. Qc4 Re7 32. Ra1 Ra7 33. Bxf7+ Rxf7 34.
Qd5 1-0

[Event "Gibraltar Masters"]
[Site "Caleta ENG"]
[Date "2011.01.25"]
[Round "1.50"]
[White "Zatonskih, Anna"]
[Black "Spence, David J"]
[Result "1-0"]
[WhiteTitle "IM"]
[WhiteElo "2493"]
[BlackElo "2231"]
[WhiteFideId "14101572"]
[BlackFideId "407429"]
[EventDate "2011.01.25"]

1. d4 e6 2. c4 Nf6 3. g3 d5 4. Nf3 Be7 5. Bg2 O-O 6. Qc2 dxc4 7. Qxc4 a6 8. Qc2
Nc6 9. O-O Nb4 10. Qb3 Qd5 11. Qd1 c5 12. Nc3 Qd8 13. Bf4 Nbd5 14. Nxd5 Nxd5 15.
dxc5 Nxf4 16. gxf4 Bxc5 17. Rc1 Qe7 18. e3 Rb8 19. Qc2 Ba7 20. Rfd1 f6 21. Qe4
Qf7 22. Nd4 Re8 23. Rd2 Bxd4 24. Qxd4 b5 25. Qd6 Bb7 26. Bxb7 Qxb7 27. Rc7 Qf3
28. Qc6 Qg4+ 29. Qg2 Qxg2+ 30. Kxg2 Rec8 31. Re7 Re8 32. Ra7 Rb6 33. Rdd7 Kh8
34. Rxg7 Rg8 35. Rxg8+ Kxg8 36. b4 Rc6 37. Kg3 f5 38. a3 Kf8 39. Kh4 h6 40. Kh5
Rc2 41. Kg6 Rd2 42. Kf6 Kg8 43. Rxa6 1-0

[Event "Gibraltar Masters"]
[Site "Caleta ENG"]
[Date "2011.01.25"]
[Round "1.51"]
[White "Zygouris, Hristos"]
[Black "Al-Sayed, Mohammed"]
[Result "0-1"]
[BlackTitle "GM"]
[WhiteElo "2215"]
[BlackElo "2490"]
[WhiteFideId "4200292"]
[BlackFideId "12100196"]
[EventDate "2011.01.25"]

1. c4 Nf6 2. g3 c6 3. Nf3 d5 4. Bg2 Bg4 5. Ne5 Be6 6. cxd5 Bxd5 7. Nf3 c5 8. Nc3
Bc6 9. d3 e6 10. O-O Be7 11. e4 O-O 12. Qe2 b5 13. a3 b4 14. axb4 cxb4 15. Na4
Bb5 16. Rd1 Nc6 17. b3 Nd7 18. Qe3 Bxa4 19. bxa4 Qb6 20. d4 Na5 21. e5 Rac8 22.
Ng5 Bxg5 23. Qxg5 Nb3 24. a5 Qb5 25. Rb1 Nxc1 26. Rdxc1 Rxc1+ 27. Qxc1 Qxa5 28.
Qc4 Rb8 29. Bc6 Qc7 30. d5 exd5 31. Qxd5 Nxe5 32. Ba4 Rd8 33. Qe4 a5 34. Re1 Ng6
35. h4 Nf8 36. Bb3 Rd6 37. Qe8 Qd7 38. Qa8 Qd8 39. Qa7 Ne6 40. Re5 g6 41. Rxa5
Rd7 42. Qa6 Nd4 43. Bc4 Kg7 44. Ra1 Qe7 45. Qa8 Qc5 46. Qa6 Rd6 47. Ra5 Qc7 0-1

[Event "Gibraltar Masters"]
[Site "Caleta ENG"]
[Date "2011.01.25"]
[Round "1.52"]
[White "Soffer, Ram"]
[Black "Vogel, Jaap"]
[Result "1-0"]
[WhiteTitle "GM"]
[BlackTitle "FM"]
[WhiteElo "2489"]
[BlackElo "2207"]
[WhiteFideId "2800101"]
[BlackFideId "1000764"]
[EventDate "2011.01.25"]

1. c4 c6 2. Nf3 d5 3. e3 Nf6 4. Nc3 g6 5. d4 Bg7 6. Be2 O-O 7. O-O Bg4 8. cxd5
Nxd5 9. h3 Bxf3 10. Bxf3 Nxc3 11. bxc3 Nd7 12. Rb1 Qc7 13. Qb3 b6 14. a4 Rac8
15. Be2 Rb8 16. Ba3 Nf6 17. Bf3 Rfe8 18. Rfd1 Nd7 19. Be2 Nf6 20. Qc4 e6 21. Bf3
Rbc8 22. Qa6 Nd7 23. e4 Bf8 24. Bc1 e5 25. Bg5 c5 26. Bg4 exd4 27. Qb5 Nb8 28.
Bxc8 Qxc8 29. cxd4 Nc6 30. dxc5 Bxc5 31. Qc4 Ne5 32. Qd5 Nf3+ 33. gxf3 Qxh3 34.
Rd2 Qg3+ 35. Kf1 Qxf3 36. Rb3 Qh1+ 37. Ke2 Rxe4+ 38. Be3 Qg2 39. a5 Kg7 40. axb6
axb6 41. Rc3 h5 42. Rxc5 bxc5 43. Qxc5 h4 44. Rd8 h3 45. Qc3+ 1-0